00568nam a2200205 a 450000100060000000300080000600500170001400800410003103500190007204000280009104100080011908200260012710000190015324500700017226000430024230000250028550000200031065000110033070000210034161598BD-RjUL20211209081000.0170119s1946 vau 001 0 eng d a(BD-RjUL)61722 aDLCcOClUdBD-RjULbeng aeng 223a346.004bGLC 19461 aGlenn, Garrard00aCases and materials on equity /cby Garrard Glenn, Kenneth Redden aVirginia :bThe Michie Company,c1946. aix, 905 p. ;c24 cm. aIncludes index. 0aEquity1 aRedden, Kenneth